000 00820nam a2200241 a 4500
005 20230524063857.0
008 020604s19911997mx r 000 0 spa d
020 _a8477380600
035 _aUPN01000117635
049 _aCG
050 4 _aQA95
_bF4.4
100 1 _aFernández Sucasas, Josefa
245 1 0 _aJuegos y pasatiempos para la enseñanza de la matemática elemental /
_cJosefa Fernández Sucasas, Ma. Inés Rodríguez Vela
260 _aMadrid :
_bSíntesis,
_c[1991] (1997 impr.)
300 _a168 p. :
_bil.
440 0 _aMatemáticas : cultura y aprendizaje;
_v32.
650 0 _aRecreaciones matemáticas
_96050
650 4 _aMatemáticas
_xEstudio y enseñanza (Elemental)
_92809
700 1 _aRodríguez Vela, María Inés,
_ecoaut.
901 _a193177/193178
902 _aMITM/cps
905 _aLibro
999 _c90102
_d90102